000 00212 a2200097 4500
001 30863
100 _aAziz Urfi
245 _aJamal-e-Mustafa
260 _aKarachi
_bGillani Publishers
_c
090 _c20760
_d20760
942 _aNUST-CAE
_cM
_c11959
999 _c265936
_d265936